Countries, US and Brazilian states, and its capitals - Statistics

General Stats
  • This quiz has been taken 3 times
  • The average score is 137 of 272
Answer Stats
Continent Country or State and Capital % Correct
Brazilian State Acre Rio Branco
100%
Brazilian State Alagoas Maceió
100%
Africa Algeria Algiers
100%
Brazilian State Amapá Macapá
100%
Brazilian State Amazonas Manaus
100%
Africa Angola Luanda
100%
South America Argentina Buenos Aires
100%
Oceania Australia Canberra
100%
Brazilian State Bahia Salvador
100%
South America Bolívia La Paz Sucre
100%
South America Brazil Brasilia
100%
North America Canada Ottawa
100%
Brazilian State Ceará Fortaleza
100%
South America Chile Santiago
100%
South America Colombia Bogota
100%
Central America Cuba Havana
100%
Central America Dominican Republic Santo Domingo
100%
South America Ecuador Quito
100%
Africa Egypt Cairo
100%
Brazilian State Espírito Santo Vitória
100%
Brazilian State Goiás Goiânia
100%
Central America Jamaica Kingston
100%
Brazilian State Maranhão São Luís
100%
Brazilian State Mato Grosso Cuiabá
100%
Brazilian State Mato Grosso do Sul Campo Grande
100%
North America Mexico Mexico City
100%
Brazilian State Minas Gerais Belo Horizonte
100%
Oceania New Zealand Wellington
100%
Brazilian State Pará Belém
100%
South America Paraguay Asuncion
100%
Brazilian State Paraíba João Pessoa
100%
Brazilian State Paraná Curitiba
100%
Brazilian State Pernambuco Recife
100%
South America Peru Lima
100%
Brazilian State Piauí Teresina
100%
Africa Republic of Congo Brazzaville
100%
Brazilian State Rio de Janeiro Rio de Janeiro
100%
Brazilian State Rio Grande do Norte Natal
100%
Brazilian State Rio Grande do Sul Porto Alegre
100%
Brazilian State Rondônia Porto Velho
100%
Brazilian State Roraima Boa Vista
100%
Brazilian State Santa Catarina Florianópolis
100%
Brazilian State São Paulo São Paulo
100%
Africa Senegal Dakar
100%
Brazilian State Sergipe Aracajú
100%
Brazilian State Tocantins Palmas
100%
Africa Tunisia Tunis
100%
North America United States Washington
100%
South America Uruguay Montevideo
100%
South America Venezuela Caracas
100%
Europe Albania Tirana
67%
Europa Andorra Andorra la Vella
67%
Central America Antigua and Barbuda Saint John
67%
Asia Azerbaijan Baku
67%
Central America Bahamas Nassau
67%
Central America Barbados Bridgetown
67%
Europa Belgium Brussels
67%
Central America Belize Belmopan
67%
Africa Benin Porto Novo
67%
Europe Bulgaria Sofia
67%
Africa Burkina Faso Ouagadougou
67%
Africa Cape Verde Praia
67%
Africa Chad N'djamena
67%
Central America Costa Rica San Jose
67%
Africa Democratic Republic of Congo Kinshasa
67%
Europa Denmark Copenhagen
67%
Africa Djibouti Djibouti
67%
Central America El Salvador San Salvador
67%
Africa Ethiopia Addis Ababa
67%
Oceania Fiji Suva
67%
Europa Finland Helsinki
67%
Europa France Paris
67%
Africa Gabon Libreville
67%
Europa Germany Berlin
67%
Europe Greece Athens
67%
Central America Grenada Saint Georges
67%
Central America Guatemala Guatemala City
67%
Africa Guinea Bissau Bissau
67%
Africa Guinea Conakry
67%
South America Guyana Georgetown
67%
Central America Haiti Port au Prince
67%
Central America Honduras Tegucigalpa
67%
Europe Hungary Budapest
67%
Europa Iceland Reykkjavik
67%
Europa Italy Rome
67%
Africa Kenya Nairobi
67%
Oceania Kiribati South Tarawa
67%
Africa Libya Tripoli
67%
Africa Madagascar Antananarivo
67%
Africa Malawi Lilongwe
67%
Africa Mali Bamako
67%
Oceania Marshall Islands Majuro
67%
Africa Mauritius Port Louis
67%
Oceania Micronesia Palikir
67%
Europa Monaco Monaco
67%
Africa Morocco Rabat
67%
Africa Mozambique Maputo
67%
Oceania Nauru Yaren
67%
Europa Netherlands Amsterdam
67%
Central America Nicaragua Managua
67%
Europa Norway Oslo
67%
Central America Panama Panama City
67%
Oceania Papua New Guinea Port Moresby
67%
Europa Portugal Lisbon
67%
Europe Romania Bucharest
67%
Europa Russia Moscow
67%
Central America Saint Kitts and Nevis Basseterre
67%
Central America Saint Lucia Castries
67%
Oceania Samoa Apia
67%
Europa San Marino San Marino
67%
Africa São Tome and Principe São Tome
67%
Europe Serbia Belgrade
67%
Africa Seychelles Victoria
67%
Africa Sierra Leone Freetown
67%
Africa Somalia Mogadishu
67%
Africa South Sudan Juba
67%
Europa Spain Madrid
67%
Africa Sudan Khartoum
67%
South America Suriname Paramaribo
67%
Europa Sweden Stockholm
67%
Oceania Tonga Nuku'alofa
67%
Central America Trinidad and Tobago Port of Spain
67%
Oceania Tuvalu Funafuti
67%
Oceania Vanuatu Port Vila
67%
Europa Vatican Vatican City
67%
Africa Zimbabwe Harare
67%
Asia Afghanistan Kabul
33%
US State Alabama Montgomery
33%
US State Alaska Juneau
33%
US State Arizona Phoenix
33%
US State Arkansas Little Rock
33%
Asia Armenia Yerevan
33%
Europe Austria Vienna
33%
Asia Bangladesh Dhaka
33%
Europa Belarus Minsk
33%
Europe Bosnia and Herzegovina Sarajevo
33%
US State California Sacramento
33%
Africa Cameroon Yaounde
33%
Africa Central African Republic Bangui
33%
Asia China Beijing
33%
US State Colorado Denver
33%
Africa Comoros Moroni
33%
US State Connecticut Hartford
33%
Europe Croatia Zagreb
33%
Europe Czech Republic Prague
33%
US State Delaware Dover
33%
Central America Dominica Roseau
33%
Africa Equatorial Guinea Malabo
33%
Africa Eritrea Asmara
33%
US State Florida Tallahassee
33%
Africa Gambia Banjul
33%
US State Georgia Atlanta
33%
Africa Ghana Accra
33%
US State Hawaii Honolulu
33%
US State Idaho Boise
33%
US State Illinois Springfield
33%
US State Indiana Indianapolis
33%
Asia India New Delhi
33%
Asia Indonesia Jakarta
33%
US State Iowa Des Moines
33%
Asia Iran Tehran
33%
Asia Israel Jerusalem
33%
Africa Ivory Coast Yamoussoukro
33%
Asia Japan Tokyo
33%
US State Kansas Topeka
33%
US State Kentucky Frankfort
33%
Europa Latvia Riga
33%
Asia Lebanon Beirut
33%
Africa Lesotho Maseru
33%
Africa Liberia Monrovia
33%
Europa Liechtenstein Vaduz
33%
Europa Lithuania Vilnius
33%
US State Louisiana Baton Rouge
33%
Europa Luxembourg Luxembourg
33%
Europe Macedonia Skopje
33%
US State Maine Augusta
33%
Europa Malta Valletta
33%
US State Maryland Annapolis
33%
US State Massachusetts Boston
33%
Africa Mauritania Nouakchott
33%
US State Michigan Lansing
33%
US State Minnesota Saint Paul
33%
US State Mississippi Jackson
33%
US State Missouri Jefferson City
33%
Europe Moldova Chisinau
33%
Asia Mongolia Ulaanbaatar
33%
US State Montana Helena
33%
Africa Namibia Windhoek
33%
US State Nebraska Lincoln
33%
US State Nevada Carson City
33%
US State New Hampshire Concord
33%
US State New Jersey Trenton
33%
US State New Mexico Santa Fe
33%
US State New York Albany
33%
Africa Nigeria Abuja
33%
Africa Niger Niamey
33%
US State North Carolina Raleigh
33%
US State North Dakota Bismarck
33%
Asia North Korea Pyongyang
33%
US State Ohio Columbus
33%
US State Oklahoma Oklahoma City
33%
US State Oregon Salem
33%
Asia Pakistan Islamabad
33%
Oceania Palau Ngerulmud
33%
US State Pennsylvania Harrisburg
33%
Asia Phillippines Manila
33%
Europa Poland Warsaw
33%
Asia Qatar Doha
33%
US State Rhode Island Providence
33%
Central America Saint Vincent and the Grenadines Kingstown
33%
Asia Saudi Arabia Riyadh
33%
Asia Singapore Singapore
33%
Europa Slovenia Ljubljana
33%
Oceania Solomon Islands Honiara
33%
Africa South Africa Bloemfontein Cape Town Pretoria
33%
US State South Carolina Columbia
33%
US State South Dakota Pierre
33%
Asia South Korea Seoul
33%
Africa Swaziland Mbabane
33%
Europa Switzerland Bern
33%
Africa Tanzania Dodoma
33%
US State Tennessee Nashville
33%
US State Texas Austin
33%
Asia Thailand Bangkok
33%
Africa Togo Lome
33%
Europa Ukraine Kiev
33%
US State Utah Salt Lake City
33%
US State Vermont Montpelier
33%
Asia Vietnam Hanoi
33%
US State Virginia Richmond
33%
US State Washington Olympia
33%
US State West Virginia Charleston
33%
US State Wisconsin Madison
33%
US State Wyoming Cheyenne
33%
Africa Zambia Lusaka
33%
Asia Bahrain Manama
0%
Asia Bhutan Thimphu
0%
Africa Botswana Gaborone
0%
Asia Brunei Bandar Seri Begawan
0%
Africa Burundi Gitega
0%
Asia Cambodia Phnom Penh
0%
Asia Cyprus Nicosia
0%
Asia East Timor Dili
0%
Europa Estonia Tallinn
0%
Asia Georgia Tbilisi
0%
Asia Iraq Baghdad
0%
Europa Ireland Dublin
0%
Asia Jordan Amman
0%
Asia Kazakhstan Astana
0%
Europe Kosovo Pristina
0%
Asia Kuwait Kuwait City
0%
Asia Kyrgyzstan Bishkek
0%
Asia Laos Vientiane
0%
Asia Malaysia Kuala Lumpur
0%
Asia Maldives Male
0%
Europe Montenegro Podgorica
0%
Asia Myanmar Naypyidaw
0%
Asia Nepal Kathmandu
0%
Asia Oman Muscat
0%
Africa Rwanda Kigali
0%
Europa Slovakia Bratislava
0%
Asia Sri Lanka Sri Jayawardenapura Kotte
0%
Asia Syria Damascus
0%
Asia Taiwan Taipei
0%
Asia Tajikistan Dushanbe
0%
Asia Turkey Ankara
0%
Asia Turkmenistan Ashgabat
0%
Africa Uganda Kampala
0%
Asia United Arab Emirates Abu Dhabi
0%
Europa United Kingdom London
0%
Asia Uzbekistan Tashkent
0%
Asia Yemen Sana'a
0%
No matching quizzes found
Score Distribution
Percent of People with Each Score
Percentile by Number Answered
Your Score History
You have not taken this quiz